000 00210 a2200085 4500
999 _c213485
_d213485
020 _a9781911382447
100 _aFergo Roche
245 _aMining for gold: Stories of effective teachers
260 _bJohn Catt
_c2017